| 000 | 00369nam a22001457a 4500 | ||
|---|---|---|---|
| 020 | _a 978-0130195708 | ||
| 041 | _aENG | ||
| 100 | _aGaonkar .R.S | ||
| 245 | _aMicroprocessor Architecture ,Programming,And Applications With The 8085 | ||
| 250 | _aFourth ED | ||
| 260 |
_aIndia _bPenram International PUB _c1989 |
||
| 300 | _a788 | ||
| 650 | _aEOES | ||
| 856 | _uEOES | ||
| 999 |
_c565 _d565 |
||